000 00392nam a2200181Ia 4500
001 10348
005 20260306161825.0
008 260306t1995||||xx |||||||||||||| ||spa||
041 _aESP
082 _a920.71
_bR28
100 _aRavines, Roger
_eAUT
245 0 _aHuayna Cápac
260 _c1995
300 _a
_c20 cm.
650 _aGEN
654 _aCHU
942 _cLIB
_dJUS
_fJUS
_2ddc
_n
999 _c10348
_d10348